000 01305cam a22003617a 4500
003 CHAP
005 20220329142607.0
008 020228d2002 mx d r 00110 spa d
010 _a85416
011 _a86388
035 _a96926
040 _cCHAP
090 _aTesis
100 0 0 _aAlmeraya Almeraya, Oscar.
_94539
245 1 0 _aRendimiento y composición de la canal a diferentes pesos al sacrificio en toretes Holstein
_c/por Oscar Almeraya Almeraya
260 _aChapingo, Méx. :
_bEl autor,
_c2002.
300 _a74 h. :
_bcuadros
502 _aTesis (M. C. en Producción Animal) -- UACH. Departamento de Zootecnia
590 _aALEPH
_b10
_c20130110
_lUCH01
_h1446
590 _aBATCH-UPD
_b10
_c20130110
_lUCH01
_h0647
590 _aBATCH-UPD
_b10
_c20130410
_lUCH01
_h0331
590 _aBATCH-UPD
_b10
_c20130914
_lUCH01
_h0241
590 _aCONVERSION
_b10
_c20130109
_lUCH01
_h1347
650 1 4 _aGanado de carne
_xAlimentación.
_945068
650 1 4 _aGanado de carne
_xPeso.
_945102
650 1 4 _aGanado de carne
_xProducción.
_945104
650 1 4 _aGanado Holstein.
_945133
901 _aBK
905 _aMarco A. Mendoza T.
942 _cFOLL
949 _aTesis
_bBC
_cTES
_d33724000861027
_eTS2
_gDonaciØn
_h39353
_i96926
_si
949 _aTesis
_bBC
_cTES
_d969261
_eTS1
_gDonaciØn
_h39352
_i96926
_sb
999 _c85416
_d85416